| 000 | 00420 a2200157 4500 | ||
|---|---|---|---|
| 005 | 20250616122452.0 | ||
| 008 | 250610b |||||||| |||| 00| 0 eng d | ||
| 020 | _a9789362545510 | ||
| 080 |
_aFM _bMAD/B |
||
| 100 | _aMadhavan,N. S. | ||
| 245 | _aBheemachan(ഭീമച്ചൻ) | ||
| 260 |
_bD C books _aKottayam. _c2024 |
||
| 300 | _a125p. | ||
| 653 | _aFiction-Short Stories-Malayalam Literature | ||
| 942 | _cOO | ||
| 999 |
_c114475 _d114474 |
||